000 00878 a2200229 4500
005 20080828101619.0
008 080828t xxu||||| |||| 00| 0 eng d
010 _aENG-87349
020 _c750.00
_a8176299928
035 _aEN-70882
037 _bDBAD / PUB
082 _a345.540527
100 _aSaxena, Priti
245 _aPreventive detention and human rights
_cby Priti Saxena
260 _aNew Delhi
_bDeep & Deep Publications
_c2007
270 _aF-159, Rajouri Garden
_bNew Delhi
_e110 018
300 _axix, 243p.
_c22cm (Hb )
500 _aIncludes bibliographical references and index
700 _aKatoch, Kuldeep S.
942 _adpl
_cEN
_k345.540527 / SAX
_2ddc
_h345.540527
_mSAX
999 _c6435
_d6435